000 01004nam0a22002291 4500
001 rc\2925698
005 20110816163823.5
035 _a(NLR Aleph) 007075530
090 _a6423723
_c6423723
100 _a20110816d1939 |||y0rusy50 ca
101 0 _arus
102 _aRU
105 _aa z |||||
200 1 _aИндивидуальные защитные приспособления
_eКонспект лекций для слушателей курсов инспекторов труда
_fА. Шафранова
_gВсесоюзный научно-исследовательский институт охраны труда в машиностроении, Учеб. сектор
210 _aМосква
_cПрофиздат
_d1939
215 _a32 с., 1 вкл. л. табл.
_cтабл.
_d16 см
700 1 _aШафранова
_bА. С.
_f1879-1963
_gАнна Семеновна
801 0 _aRU
_bNLR
_gpsbo
801 1 _aRU
_bELAR
_2rusmarc
852 _aNLR
_j39-9/1387
942 _cBOOK
980 _aNB